| 000 | 00000nas 2200000za 4500 |
| 001 | 9.817942 |
| 003 | CaOODSP |
| 005 | 20221107142610 |
| 007 | cr ||||||||||| |
| 008 | 160518d19281944oncar p oss f000#a0eng|d |
| 040 | |aCaOODSP|beng |
| 043 | |an-cn--- |
| 086 | 1 |aCS53-201E-PDF |
| 245 | 04|aThe highway and the motor vehicle in Canada |h[electronic resource]. |
| 260 | |aOttawa : |bDominion Bureau of Statistics, Transportation Branch, |c1929-1946. |
| 310 | |aAnnual |
| 362 | 0 |a1928-1944. |
| 500 | |aDigitized edition from print [produced by Statistics Canada]. |
| 500 | |aCover title. |
| 550 | |aIssued 1929-1944 by Transportation and Public Utilities Branch. |
| 580 | |aSplit into: Highway statistics; and, Motor vehicle in Canada. |
| 692 | 07|2gccst|aRoad transport |
| 692 | 07|2gccst|aMotor vehicles |
| 692 | 07|2gccst|aRoad accidents |
| 710 | 1 |aCanada. |bDominion Bureau of Statistics.|bTransportation Branch. |
| 710 | 1 |aCanada.|bDominion Bureau of Statistics.|bTransportation and Public Utilities Branch. |
| 780 | 00|tThe highway, the motor vehicle and the tourist in Canada |w(CaOODSP)9.843811 |
| 785 | 00|tHighway statistics |w(CaOODSP)9.817944 |